| 000 | 00893na a2200265 4500 | ||
|---|---|---|---|
| 001 | 18766 | ||
| 003 | MIRAKIL | ||
| 005 | 20181213155146.0 | ||
| 008 | 161126b tu 000 0 | ||
| 035 | _a18766 | ||
| 040 |
_aMilas _btur _cTR-AnCHP |
||
| 041 | _atur | ||
| 082 |
_a307.1 _bK35k 2009 |
||
| 090 | _a307.1 K35k 2009 | ||
| 111 |
_aKentleşme Şurası _cAnkara _d2009 |
||
| 245 |
_aKomisyon raporları 1.cilt _b4-7 Mayıs 2009 Ankara _cT.C. Bayındırlık ve İskan Bakanlığı |
||
| 246 | _a4-7 Mayıs 2009 Ankara | ||
| 260 |
_aAnkara _bT.C. Bayındırlık ve İskan Bakanlığı _c2009 |
||
| 300 |
_a560 s. _btbl.; _c23 sm. |
||
| 610 |
_a T.C. Bayındırlık ve İskan Bakanlığı _xKomisyon raporları |
||
| 650 |
_aKomisyon raporları _xkentleşme _y2009 |
||
| 651 |
_aTürkiye _xKentleşme Şurası |
||
| 710 | _aT.C. Bayındırlık ve İskan Bakanlığı | ||
| 942 |
_2ddc _cBKS |
||
| 999 |
_c7682 _d7682 |
||